=LDR 00000nam 2200000 4500 =001 INLIS000000000024940 =005 20130612123505 =008 ***********************************ind** =035 ##$$0010-061300000024940 =041 ##$$a ind =082 ##$$a 621.314 =090 ##$$a 621.314, FRA b =100 ##$$a Francis, RM =245 ##$$a Bikin Sendiri Transformator, Penstabil tegangan listrik dengan teknologi modern, RM. Francis D, M.Rifat E Jauhari =260 ##$$a 1994 $b Solo =300 ##$$a 95 hlm., ilus., 21 cm =650 ##$$a Elektronika =650 ##$$a Transformator =700 ##$$a Jauhari, M. Rifat. E =850 ##$$a NBPNMAT =990 ##$$a 0001/BPAP-NTB/2015